000
00319nam a2200121Ia 4500
008
221030s9999 xx 000 0 und d
082
_a
105.23
245
0
_a
Customer Satisfaction in Depoist Products & Financial Services of J & K Bank
260
_b
JK Bank
_c
2009
300
_a
98
650
_a
Management
942
_c
TH
999
_c
10269
_d
10269